000 00500nam a2200217Ia 4500
003 OSt
005 20220923230759.0
006 a|||||r|||| 00| 0
007 ta
008 Pun
024 _a305,476
037 _cTextual
040 _aARTS
_cARTS
_bPun
041 _2Pun
_aPun
082 _aQ8441:2xJ63, 153L4
245 0 _aਜੈਤਸਰੀ ਕੀ ਵਾਰ
260 _c1974
650 _aਧਰਮ
942 _hQ8441:2xJ63, 153L4
_cTEXL
_2CC
999 _c387268
_d387268